Statistics for Every Vice President

Click here to take the quiz!

General Stats

  • This quiz has been taken 29 times
  • The average score is 40 of 49

Answer Stats

HintAnswer% Correct
1992 and 1996Al Gore
100%
1864Andrew Johnson
100%
1980 and 1984George H. W. Bush
100%
2008 and 2012Joe Biden
100%
1788-1789 and 1792John Adams
100%
2021Kamala Harris
100%
1960Lyndon B. Johnson
100%
2016Mike Pence
100%
1836Richard Mentor Johnson
100%
1976Walter Mondale
100%
1920Calvin Coolidge
95%
1988Dan Quayle
95%
2000 and 2004Dick Cheney
95%
1973Gerald Ford
95%
1796Thomas Jefferson
95%
1892Adlai Stevenson
89%
1832Martin Van Buren
89%
1974Nelson Rockefeller
89%
1952 and 1956Richard Nixon
89%
1968Spiro Agnew
89%
1804George Clinton
84%
1944Harry S. Truman
84%
1900Theodore Roosevelt
84%
1800Aaron Burr
79%
1880Chester A. Arthur
79%
1872Henry Wilson
79%
1840John Tyler
79%
1848Millard Fillmore
79%
1812Elbridge Gerry
74%
1860Hannibal Hamlin
74%
1940Henry A. Wallace
74%
1824John C. Calhoun
74%
1932 and 1936John Nance Garner
74%
1868Schuyler Colfax
74%
1852William R. King
74%
1948Alben W. Barkley
68%
1928Charles Curtis
68%
1816 and 1820Daniel D. Tompkins
68%
1844George M. Dallas
68%
1908James S. Sherman
68%
1856John C. Breckinridge
68%
1912 and 1916Thomas R. Marshall
68%
1876William A. Wheeler
68%
1924Charles G. Dawes
63%
1904Charles W. Fairbanks
63%
1896Garret Hobart
63%
1884Thomas A. Hendricks
63%
1888Levi P. Morton
58%
1964Hubert Humphery
11%

Score Distribution

Percentile by Number Answered

Percent of People with Each Score

Your Score History

You have not taken this quiz